<?xml version="1.0" encoding="UTF-8"?>
<record
    xmlns:xsi="http://www.w3.org/2001/XMLSchema-instance"
    xsi:schemaLocation="http://www.loc.gov/MARC21/slim http://www.loc.gov/standards/marcxml/schema/MARC21slim.xsd"
    xmlns="http://www.loc.gov/MARC21/slim">

  <leader>01567    a2200253   4500</leader>
  <controlfield tag="003">Nust</controlfield>
  <controlfield tag="005">20221020114447.0</controlfield>
  <datafield tag="010" ind1=" " ind2=" ">
    <subfield code="a">   88002917</subfield>
  </datafield>
  <datafield tag="020" ind1=" " ind2=" ">
    <subfield code="a">0070799237 :</subfield>
  </datafield>
  <datafield tag="040" ind1=" " ind2=" ">
    <subfield code="c">Nust</subfield>
  </datafield>
  <datafield tag="082" ind1="0" ind2="0">
    <subfield code="a">620.105,BEE</subfield>
  </datafield>
  <datafield tag="100" ind1="1" ind2=" ">
    <subfield code="a">Beer, Ferdinand Pierre,</subfield>
    <subfield code="9">37595</subfield>
  </datafield>
  <datafield tag="245" ind1="1" ind2="0">
    <subfield code="a">Vector mechanics for engineers :</subfield>
    <subfield code="p">Statics and dynamics /</subfield>
    <subfield code="c">Ferdinand P. Beer, E. Russell Johnston, Jr.</subfield>
  </datafield>
  <datafield tag="250" ind1=" " ind2=" ">
    <subfield code="a">5th ed.</subfield>
  </datafield>
  <datafield tag="260" ind1=" " ind2=" ">
    <subfield code="a">New York :</subfield>
    <subfield code="b">McGraw-Hill,</subfield>
    <subfield code="c">c1988.</subfield>
  </datafield>
  <datafield tag="300" ind1=" " ind2=" ">
    <subfield code="a">xxii, 1026 p. :</subfield>
    <subfield code="b">ill. (some col.) ;</subfield>
    <subfield code="c">24 cm.</subfield>
  </datafield>
  <datafield tag="505" ind1=" " ind2=" ">
    <subfield code="a">Introduction (Page-1), Statics of Particles (Page-14), Rigid Bodies: Equivalent Systems of Forces (Page-59), Equilibrium of Rigid Bodies (Page-126), Distributed Forces: Centroids and Centres of Gravity (Page-170), Analysis of Structures (Page-222), Forces in Beams and Cables (Page-276), Friction (Page-317), Distributed Forces: Moments of Inertia (Page-363), Method of Virtual Work (Page-426), Kinematic of Particles (Page-459), Kinetics of Particles: Newton&#x2019;s Second Law (Page-525), Kinetics of Particles: Energy and Momentum Methods (Page-573), Systems of Particles (Page-652), Kinematic of Rigid Bodies (Page-702), Plane Motion of Rigid Bodies: Forces and Accelerations (Page-784), Plane Motion of Rigid Bodies: Energy and Momentum Methods (Page-835), Kinetics of Rigid Bodies in Three Dimensions (Page-890), Mechanical Vibrations (Page-942)</subfield>
  </datafield>
  <datafield tag="650" ind1=" " ind2="0">
    <subfield code="a">Dynamics.</subfield>
  </datafield>
  <datafield tag="650" ind1=" " ind2="0">
    <subfield code="a">Mechanics, Applied.</subfield>
  </datafield>
  <datafield tag="650" ind1=" " ind2="0">
    <subfield code="a">Statics.</subfield>
  </datafield>
  <datafield tag="650" ind1=" " ind2="0">
    <subfield code="a">Vector analysis.</subfield>
  </datafield>
  <datafield tag="700" ind1="1" ind2=" ">
    <subfield code="a">Johnston, E. Russell</subfield>
    <subfield code="d">1925-</subfield>
    <subfield code="9">100964</subfield>
  </datafield>
  <datafield tag="942" ind1=" " ind2=" ">
    <subfield code="2">ddc</subfield>
    <subfield code="c">BK</subfield>
  </datafield>
  <datafield tag="999" ind1=" " ind2=" ">
    <subfield code="c">182863</subfield>
    <subfield code="d">182863</subfield>
  </datafield>
  <datafield tag="952" ind1=" " ind2=" ">
    <subfield code="0">0</subfield>
    <subfield code="1">0</subfield>
    <subfield code="2">ddc</subfield>
    <subfield code="4">0</subfield>
    <subfield code="7">0</subfield>
    <subfield code="a">MCS</subfield>
    <subfield code="b">MCS</subfield>
    <subfield code="c">GEN</subfield>
    <subfield code="d">2016-12-12</subfield>
    <subfield code="o">620.105,BEE</subfield>
    <subfield code="p">MCS6520</subfield>
    <subfield code="r">2016-12-08</subfield>
    <subfield code="w">2016-12-12</subfield>
    <subfield code="y">BK</subfield>
    <subfield code="z">Almirah No.27, Shelf No.3</subfield>
  </datafield>
</record>
